000 00593nam a2200205Ia 4500
005 20250425161334.0
008 250425s9999 xx 000 0 und d
041 _aspa
082 _a620.0046
100 _aMORROW, L. C.
245 0 _aMANUAL DE MANTENIMIENTO INDUSTRIAL: ORGANIZACION, INGENIERIA MECANICA, ELECTRICA, QUIMICA, CIVIL, PROCESOS Y SISTEMAS (TOMO 2)
250 _a1A ED.
260 _aMEXICO
260 _aMéxico
_bCONTINENTAL
_c1973
300 _a813
650 _aINGENIERIA INDUSTRIAL-MANUALES
650 _aMANTENIMIENTO MECANICO
942 _c01
010 _a18075
999 _c207228
_d207228